书目信息 |
| 题名: |
光波导技术物理基础
|
|
| 作者: | 方俊鑫 编著 | |
| 分册: | ||
| 出版信息: | 上海 上海交通大学出版社 1987 |
|
| 页数: | 268页 | |
| 开本: | 26cm | |
| 丛书名: | ||
| 单 册: | ||
| 中图分类: | TN252 | |
| 科图分类: | ||
| 主题词: | 光波导 | |
| 电子资源: | ||
| ISBN: | 7-313-00223-8 | |
| 000 | 00703n|m0 2200241---450- | |
| 001 | 0102655983 | |
| 005 | 20121116170000.0 | |
| 010 | @a7-313-00223-8@dCNY2.95 | |
| 011 | @a7-313-00223-8 | |
| 100 | @a20040427d19881987em-y0chiy0110----ea | |
| 101 | 0 | @achi |
| 102 | @aCN@b310000 | |
| 105 | @ay---z---000yy | |
| 135 | @adrbn ---auuuu | |
| 200 | 1 | @a光波导技术物理基础@9Guang Bo Dao Ji Shu;Zhu Wu Li Ji Chu @f方俊鑫等编著@b电子资源.图书 |
| 210 | @a上海@c上海交通大学出版社@d1987@h1988印 | |
| 215 | @a268页@d26cm | |
| 325 | @a电子复制品 | |
| 606 | 0 | @a光波导 |
| 690 | @aTN252@v4 | |
| 701 | 0 | @a方俊鑫@f(1920~1988)@4编著@9fang jun xin |
| 801 | 0 | @aCN@bAZmarc@c20230904 |
| 905 | @dTN252@e1@f2@sTN252/1@aBZT | |
| 光波导技术物理基础/方俊鑫等编著[电子资源.图书].-上海:上海交通大学出版社,1987(1988印) |
| 268页;26cm |
| ISBN 7-313-00223-8:CNY2.95 |
| ● |
| 相关链接 |
|
|
|
正题名:光波导技术物理基础
索取号:TN252/1
 
预约/预借
| 序号 | 登录号 | 条形码 | 馆藏地/架位号 | 状态 | 备注 |
| 1 | 2000042111 | 2000042111 | 旧书回溯/ [索取号:TN252/1] | 在馆 | |
| 2 | 2000042112 | 2000042112 | 旧书回溯/ [索取号:TN252/1] | 在馆 |